Langage enfantin et aphasie
Uloženo v:
| Hlavní autor: | |
|---|---|
| Médium: | Kniha |
| Jazyk: | francouzština |
| Vydáno: |
París
De Minuit
1969
|
| Edice: | Arguments, 42
|
| Témata: | |
| Tagy: |
Přidat tag
Žádné tagy, Buďte první, kdo vytvoří štítek k tomuto záznamu!
|
MARC
| LEADER | 00000nam a2200000 a 4500 | ||
|---|---|---|---|
| 001 | UCI2144 | ||
| 003 | CL-VaPUC | ||
| 008 | 070803e19690000FR |||||||||||||||||fre|d | ||
| 082 | 0 | 4 | |a 401 |b JAK |2 21 |
| 100 | |a Jakobson, Roman |e author |9 322276 | ||
| 245 | 1 | 0 | |a Langage enfantin et aphasie |
| 300 | |a 189 p | ||
| 942 | |c BK | ||
| 945 | |d 20070803 00:00:00 |a jtorresc | ||
| 260 | |a París |b De Minuit |c 1969 | ||
| 650 | 0 | |a Lingüística |9 265068 | |
| 650 | 7 | |a TEORIA LINGUISTICA |2 CL-VaPUC |9 334835 | |
| 583 | |a last modification |c 20070803 00:00:00 |k Rodrigo Vera | ||
| 490 | 0 | |a Arguments, 42 | |
| 999 | |c 326779 |d 326777 | ||
| 952 | |0 0 |1 0 |4 0 |6 401_000000000000000_JAK_1969 |7 0 |8 A |9 408916 |a FDOPOS |b FDOPOS |d 2019-11-22 |i 4361229 |o 401 JAK 1969 |p 4361229 |r 2025-01-22 |w 2019-11-22 |y BK |k MLA | ||